000 00458nam a2200181Ia 4500
001 24901
005 20260414151114.0
008 260414t2006||||xx |||||||||||||| ||spa||
041 _aESP
082 _a346C4
_bC34
100 _aCastillo Freyre, Mario [1964-...]
_eAUT
245 0 _aPor qué no se debe reformar el código civil
_b
260 _c2006
300 _a523 páginas :
_c20 cm.
650 _aDER
654 _aCDE
942 _cLIB
_dJUS
_fJUS
_2ddc
_n
999 _c24901
_d24901